Ore Geology and Industrial Minerals: An Introduction, 3rd Edition (Record no. 588115)
[ view plain ]
| 000 -LEADER | |
|---|---|
| fixed length control field | 00445nam a22001577a 4500 |
| 003 - CONTROL NUMBER IDENTIFIER | |
| control field | NUST |
| 005 - DATE AND TIME OF LATEST TRANSACTION | |
| control field | 20220222114922.0 |
| 008 - FIXED-LENGTH DATA ELEMENTS--GENERAL INFORMATION | |
| fixed length control field | 220222b ||||| |||| 00| 0 eng d |
| 038 ## - RECORD CONTENT LICENSOR | |
| Staff Name | SAIF |
| 082 ## - DEWEY DECIMAL CLASSIFICATION NUMBER | |
| Classification number | 553.1 EVA |
| 100 ## - MAIN ENTRY--PERSONAL NAME | |
| Relator code | Anthony M. Evans |
| 245 ## - TITLE STATEMENT | |
| Title | Ore Geology and Industrial Minerals: An Introduction, 3rd Edition |
| Remainder of title | Anthony M. Evans |
| 260 ## - PUBLICATION, DISTRIBUTION, ETC. | |
| Linkage | Blackwell Publishing |
| Name of publisher, distributor, etc. | Wiley India Pvt. Ltd |
| Date of publication, distribution, etc. | 2012 |
| 563 ## - BINDING INFORMATION | |
| Binding note | H.B |
| 942 ## - ADDED ENTRY ELEMENTS (KOHA) | |
| Source of classification or shelving scheme | |
| Koha item type | Book |
| Withdrawn status | Lost status | Source of classification or shelving scheme | Damaged status | Not for loan | Permanent Location | Current Location | Date acquired | Total Checkouts | Full call number | Barcode | Date last seen | Price effective from | Koha item type |
|---|---|---|---|---|---|---|---|---|---|---|---|---|---|
| School of Civil and Environmental Engineering (SCEE) | School of Civil and Environmental Engineering (SCEE) | 02/22/2022 | 553.1 EVA | NIT-13519 | 02/22/2022 | 02/22/2022 | Book |
